00291nam a2200121Ia 4500008004100000100001600041245003800057260003200095300000800127650001000135942000700145999001700152190216s9999||||xx |||||||||||||| ||und|| aCheyan. Dr. 0aHindi- Thiruvalluvar Atthi Choodi bMayilai Thiruvalluvarc2002 a144 aHindi cBK c16146d16146